Európsky trh so službami otvára dvere
Liberalizácia trhu služieb ako nevyhnutná podmienka riadneho chodu trhovej ekonomiky. Nová smernica Európskej komisie o vnútornom trhu so službami. Sektory, ktoré zostanú pre podnikateľov a živnostníkov nedostupné. Slovenský trh služieb zaujímavý pre podnikateľské subjekty z juhovýchodnej a východn...
Gespeichert in:
| 1. Verfasser: | |
|---|---|
| Format: | Buchkapitel |
| Sprache: | Slowakisch |
| Schlagworte: | |
| Tags: |
Keine Tags, Fügen Sie das erste Tag hinzu!
|
MARC
| LEADER | 00000naa$a2200000$$$4500 | ||
|---|---|---|---|
| 001 | 0044892 | ||
| 005 | 20231009071444.2 | ||
| 041 | 0 | |a slo | |
| 044 | |a SK | ||
| 245 | 1 | 0 | |a Európsky trh so službami otvára dvere |c Adrian Peter Pressburg |
| 520 | |a Liberalizácia trhu služieb ako nevyhnutná podmienka riadneho chodu trhovej ekonomiky. Nová smernica Európskej komisie o vnútornom trhu so službami. Sektory, ktoré zostanú pre podnikateľov a živnostníkov nedostupné. Slovenský trh služieb zaujímavý pre podnikateľské subjekty z juhovýchodnej a východnej Európy. Podmienka dodržiavania pracovných a ekologických predpisov hostiteľskej krajiny. Odstránenie prekážok pri získavaní licencií a povolení. Platnosť smernice: od r. 2009, 2010. | ||
| 610 | 2 | 0 | |a služby |
| 610 | 2 | 0 | |a podnikanie |
| 610 | 2 | 0 | |a podnikatelia |
| 610 | 2 | 0 | |a spolupráca hospodárska medzinárodná |
| 610 | 2 | 0 | |a smernice |
| 610 | 2 | 0 | |a krajiny vyspelé |
| 610 | 2 | 0 | |a Európska únia |
| 610 | 2 | 0 | |a liberalizácia |
| 100 | 1 | |a Pressburg, Adrian Peter | |